| 000 | 00746nam a2200193 a 4500 | ||
|---|---|---|---|
| 008 | 071001s1995 ||||||||||||||||| || u | ||
| 050 | _aIBRD(06)DD/1995/9 | ||
| 100 | _aHolden, Paul | ||
| 245 | 1 | 0 | _aUnshackling the private sector: a Latin American story |
| 260 |
_aWashington, D. C. _bWorld Bank _c1995 |
||
| 300 | _aviii, 108p.:ill. | ||
| 350 | _a0.00 | ||
| 490 | _aDirections in development | ||
| 650 | _aFREE ENTERPRISE--LATIN AMERICA | ||
| 650 | _aLATIN AMERICA--ECONOMIC POLICY | ||
| 650 | _aLATIN AMERICA--ECONOMIC CONDITIONS--1982- | ||
| 700 | _aRajapatirana, Sarath | ||
| 995 |
_D0.00 _FCBU-MAIN LIBRARY (Kitwe) _H1 _I0.00 _M1 _UAVAILABLE _WOct 1, 2007 _ZInternational Publications |
||
| 999 |
_c60937 _d60937 |
||